Proceedings of the International Congress of Mathematicians : Helsinki 1978 /

Guardado en:
Autor Corporativo: International Congress of Mathematicians Helsinki, Finlandia)
Otros Autores: Lehto, Olli. (Editor )
Formato: Libro
Idioma:Multiple
English
Russian
French
German
Publicado: [Helsinki : Academia Scientarum Fennica?], c1980.
Etiquetas: Agregar Etiqueta
Sin Etiquetas, Sea el primero en etiquetar este registro!
LEADER 00833nam a22002055a 4500
001 MAT.inmabb002840
008 050921s1980####fi#######b####101#0#mul#d
005 20160526103316.0
245 1 0 |a Proceedings of the International Congress of Mathematicians :  |b Helsinki 1978 /  |c [editor: Olli Lehto]. 
260 |a [Helsinki :  |b Academia Scientarum Fennica?],  |c c1980. 
300 |a 2 v. (1022 p.) ;  |c 25 cm. 
546 |a Textos en inglés, ruso, francés, alemán. 
504 |a Incluye referencias bibliográficas. 
020 |a 9514103521 
111 2 |a International Congress of Mathematicians  |d (1978 :  |c Helsinki, Finlandia) 
700 1 |a Lehto, Olli.  |4 edt 
084 |a 00B25  |2 msc2000 
041 1 |a mul  |a eng  |a rus  |a fre  |h ger 
859 |h 00B25  |i ICM-1978  |p A-5322  |v 1  |3 Vol. 1  |b BIB. MATEMATICA 
859 |h 00B25  |i ICM-1978  |p A-5323  |v 2  |3 Vol. 2  |b BIB. MATEMATICA